000 00506cam a22001457a 4500
008 180718b1985 xxu||||| |||| 00| 0 eng d
082 _aA6x54 C74
245 _aTowards freedom, 1937-47
_cedited by P.N. Chopra
260 _aDelhi
_bIndian Councilof Historical Research
_c1985
300 _av.
500 _aContents: v.1. Experiment with provincial autonomy, 1 Jan - 31 Dec 1937. 1358p.
650 _aIndia - History
700 _aIndian Council of Historical Research, New Delhi
700 _aChopra, P.N.
999 _c346480
_d346480